000 00983cam a22002417a 4500
001 000014960
005 20200929163930.0
008 991125s1999 ve a 000 0 spa
010 _a00274928
020 _a9803510215
040 _aDO-SdBNP
_bspa
_cBNPHU
050 0 _aMLCM 2000/01343 (N)
100 1 _aMichelena, Arturo,
_d1863-1898.
_933864
245 0 0 _aArturo Michelena, nino :
_bcoleccion Fundación Museo Arturo Michelena.
260 _aCaracas :
_bFundación Museo Arturo Michelena ;
_aValencia :
_bAlcaldia de Valencia, Dirección de Cultura,
_c1999.
300 _a36 p. :
_bcol. ill. ;
_c27 cm.
490 1 _aFundación Museo Arturo Michelena, Caracas
_v16 (catalogación)
490 1 _aFundación Museo Arturo Michelena, Caracas
_c17 (exposición)
830 0 _aFundación Museo Arturo Michelena, Caracas
_v16 (catalogación)
_933865
830 0 _aFundación Museo Arturo Michelena, Caracas
_v17(exposición)
_933865
910 _aCatalogación derivada
049 _aBNGR
999 _c14535
_d14535